[Event "SR 4. liga A21 2017/2018"]
[Site "?"]
[Date "2018.03.18"]
[Round "11.4"]
[White "Podjavorinsky, Peter"]
[Black "Brath, Zdeno"]
[Result "1-0"]
[WhiteElo "1689"]
[BlackElo "1530"]
[PlyCount "43"]
[EventDate "2017.??.??"]
[WhiteTeam "ZŠK Vrbové B"]
[BlackTeam "CVÈ Brezová pod Bradlom"]

1. e4 e5 2. Nf3 Nc6 3. d4 exd4 4. Bc4 h6 5. O-O d6 6. Re1 Ne5 7. Nxe5 dxe5 8.
f4 Bd6 9. Rf1 Nf6 10. fxe5 Bxe5 11. Bd2 Bxh2+ 12. Kxh2 Ng4+ 13. Kg1 Qh4 14. Bf4
c5 15. Bxf7+ Ke7 16. Bg6 Rf8 17. Bf5 Bxf5 18. exf5 Rxf5 19. Qf3 Rd8 20. Qxb7+
Rd7 21. Qe4+ Kd8 22. Qxf5 1-0

[Event "SR 4. liga A21 2017/2018"]
[Site "?"]
[Date "2018.03.18"]
[Round "11.4"]
[White "Dest, Stanislav"]
[Black "Smrek, Peter"]
[Result "1/2-1/2"]
[WhiteElo "1528"]
[BlackElo "1711"]
[PlyCount "41"]
[EventDate "2017.??.??"]
[WhiteTeam "CVÈ Brezová pod Bradlom"]
[BlackTeam "ZŠK Vrbové B"]

1. d4 g6 2. c4 Nf6 3. Nc3 Bg7 4. Nf3 d6 5. e3 Nbd7 6. Bd3 e5 7. dxe5 Nxe5 8.
Nxe5 dxe5 9. O-O c6 10. Qc2 Be6 11. Rd1 Qc7 12. Be2 O-O 13. b3 Rfd8 14. Bb2 a5
15. Rxd8+ Rxd8 16. Rd1 Rxd1+ 17. Qxd1 e4 18. h3 Nd7 19. Na4 Bxb2 20. Nxb2 Nc5
21. Qd4 1/2-1/2

[Event "SR 4. liga A21 2017/2018"]
[Site "?"]
[Date "2018.03.18"]
[Round "11.5"]
[White "Kubis, Ivan"]
[Black "Spacek, Oliver"]
[Result "0-1"]
[WhiteElo "1932"]
[BlackElo "2207"]
[PlyCount "110"]
[EventDate "2017.??.??"]
[WhiteTeam "Å K Nafta Gbely C"]
[BlackTeam "CVÄŒ Senica B"]

1. e4 c5 2. Nf3 e6 3. d4 cxd4 4. Nxd4 a6 5. c4 Nf6 6. Bd3 Nc6 7. Nxc6 bxc6 8.
O-O e5 9. Nc3 Bc5 10. Bg5 h6 11. Bh4 d6 12. h3 Rb8 13. Rb1 g5 14. Bg3 a5 15.
Kh2 Be6 16. Qe2 Qd7 17. a3 Ke7 18. Na4 Bd4 19. b4 axb4 20. axb4 c5 21. b5 h5
22. h4 Ng4+ 23. Kh1 Qa7 24. Bc2 f6 25. Qd3 Qa5 26. Bb3 Rhg8 27. Rbc1 Nh6 28.
Nc3 Rg7 29. Ne2 Bd7 30. Nxd4 cxd4 31. Ra1 Qc7 32. Ra6 Qb7 33. Rfa1 gxh4 34.
Bxh4 Rg4 35. g3 Rxe4 36. f3 Re3 37. Qh7+ Nf7 38. Bd1 Rxf3 39. Kg1 d3 40. Bxf3
Qxf3 41. Rf1 Qe3+ 42. Rf2 Bh3 43. Bxf6+ Ke6 44. Raa2 Qxg3+ 45. Kh1 Rg8 46.
Qxf7+ Kxf7 47. Bh4+ Qxf2 48. Bxf2 Bg2+ 49. Kh2 Ke6 50. b6 Be4 51. Be3 Rc8 52.
Rb2 Rxc4 53. b7 Bxb7 54. Rxb7 Re4 55. Bg5 d2 0-1

[Event "SR 4. liga A21 2017/2018"]
[Site "?"]
[Date "2018.03.18"]
[Round "11.5"]
[White "Ocko, Martin"]
[Black "Kanka, Tomas"]
[Result "1-0"]
[WhiteElo "2007"]
[BlackElo "1703"]
[PlyCount "81"]
[EventDate "2017.??.??"]
[WhiteTeam "CVÄŒ Senica B"]
[BlackTeam "Å K Nafta Gbely C"]

1. d4 Nf6 2. Nf3 e6 3. g3 c6 4. Bg2 Be7 5. O-O O-O 6. b3 d5 7. Bb2 Nbd7 8. Nbd2
a5 9. c4 b5 10. Ne5 Nxe5 11. dxe5 Nd7 12. cxb5 cxb5 13. e4 Nb6 14. exd5 Nxd5
15. Ne4 Bb7 16. Qg4 Kh8 17. Rfd1 Rc8 18. Rac1 Rxc1 19. Rxc1 Qb6 20. Nd6 Ba6 21.
Bxd5 exd5 22. Qd7 Bxd6 23. exd6 Qd8 24. Rc7 Kg8 25. Qg4 d4 26. Bxd4 g6 27. Qf4
Qe8 28. Qe5 Qxe5 29. Bxe5 a4 30. d7 axb3 31. axb3 h5 32. Bf6 b4 33. d8=Q Rxd8
34. Bxd8 Kg7 35. Be7 Be2 36. Bxb4 Bd1 37. Bc3+ Kf8 38. b4 Ke8 39. Bf6 Bf3 40.
Re7+ Kf8 41. Re3 1-0

[Event "SR 4. liga A21 2017/2018"]
[Site "?"]
[Date "2018.03.18"]
[Round "11.5"]
[White "Kastler, Peter"]
[Black "Jarabek, Milan"]
[Result "1/2-1/2"]
[WhiteElo "1740"]
[BlackElo "1724"]
[PlyCount "60"]
[EventDate "2017.??.??"]
[WhiteTeam "Å K Nafta Gbely C"]
[BlackTeam "CVÄŒ Senica B"]

1. d4 Nf6 2. c4 g6 3. Nc3 Bg7 4. e3 O-O 5. Nf3 d6 6. Be2 c5 7. O-O Nc6 8. d5
Nb8 9. Qc2 Bg4 10. b3 Nbd7 11. Bb2 Qa5 12. Rfd1 a6 13. h3 Bxf3 14. Bxf3 b5 15.
Ne4 Rab8 16. Nxf6+ Nxf6 17. Bc3 Qc7 18. Rab1 Nd7 19. Bxg7 Kxg7 20. Bg4 Nf6 21.
Bf3 bxc4 22. bxc4 Rxb1 23. Rxb1 Rb8 24. Rb3 Nd7 25. Kf1 Rxb3 26. Qxb3 Qb6 27.
Ke2 Qxb3 28. axb3 a5 29. Kd2 Kf6 30. Kc2 Nb6 1/2-1/2

[Event "SR 4. liga A21 2017/2018"]
[Site "?"]
[Date "2018.03.18"]
[Round "11.5"]
[White "Ulehla, Jakub"]
[Black "Mraz, Jan"]
[Result "0-1"]
[WhiteElo "1763"]
[BlackElo "1637"]
[PlyCount "108"]
[EventDate "2017.??.??"]
[WhiteTeam "CVÄŒ Senica B"]
[BlackTeam "Å K Nafta Gbely C"]

1. e4 b6 2. d4 Bb7 3. Nc3 g6 4. Nf3 Bg7 5. Bd3 e6 6. O-O Ne7 7. Re1 d6 8. Bg5
Nd7 9. Qd2 f6 10. Bh6 Kf7 11. Bxg7 Kxg7 12. Bc4 d5 13. exd5 exd5 14. Bf1 Re8
15. Re2 Nf5 16. Rae1 Rxe2 17. Qxe2 Qf8 18. g4 Nd6 19. Qe7+ Qf7 20. g5 Re8 21.
gxf6+ Nxf6 22. Qxf7+ Nxf7 23. Rxe8 Nxe8 24. Ne5 c6 25. f4 Ned6 26. Bh3 Nf5 27.
Bxf5 gxf5 28. Ne2 c5 29. Nxf7 Kxf7 30. c3 Kg6 31. Kf2 Ba6 32. Nc1 c4 33. Ke3
Kh5 34. Kf3 Kh4 35. Ne2 Kh3 36. Ng3 Bc8 37. Nf1 Be6 38. b3 a5 39. bxc4 dxc4 40.
Ne3 b5 41. d5 Bd7 42. d6 Kxh2 43. Nd5 Be6 44. Ke3 Kg2 45. Nf6 b4 46. cxb4 axb4
47. d7 Bxd7 48. Nxd7 b3 49. axb3 cxb3 50. Kd3 h5 51. Nc5 h4 52. Nxb3 h3 53. Nd4
h2 54. Nxf5 h1=Q 0-1

[Event "SR 4. liga A21 2017/2018"]
[Site "?"]
[Date "2018.03.18"]
[Round "11.5"]
[White "Ralbovsky, Milan"]
[Black "Hrdlicka, Martin"]
[Result "0-1"]
[WhiteElo "1421"]
[BlackElo "1487"]
[PlyCount "44"]
[EventDate "2017.??.??"]
[WhiteTeam "Å K Nafta Gbely C"]
[BlackTeam "CVÄŒ Senica B"]

1. e4 e5 2. Nc3 Nf6 3. Bc4 Bc5 4. Qf3 d6 5. h3 Nc6 6. Nd5 Be6 7. d3 Nd4 8. Qd1
c6 9. Nxf6+ Qxf6 10. Be3 O-O 11. c3 Bxc4 12. dxc4 Ne6 13. Bxc5 Nxc5 14. f3 Qh4+
15. Kf1 f5 16. Qxd6 Nxe4 17. Qe6+ Kh8 18. fxe4 fxe4+ 19. Nf3 exf3 20. Qg4 fxg2+
21. Kg1 Qf2+ 22. Kh2 g1=B# 0-1

[Event "SR 4. liga A21 2017/2018"]
[Site "?"]
[Date "2018.03.18"]
[Round "11.6"]
[White "Sturdik, Igor"]
[Black "Curidlo, Jan"]
[Result "1/2-1/2"]
[WhiteElo "1998"]
[BlackElo "1861"]
[PlyCount "98"]
[EventDate "2017.??.??"]
[WhiteTeam "Å K OÃš Å paÄ�ince"]
[BlackTeam "Å K KÃºpele PieÅ¡Å¥any B"]

1. e4 Nc6 2. Nf3 e5 3. d4 exd4 4. Bc4 h6 5. Nxd4 Bc5 6. Nxc6 Qf6 7. Qe2 Qxc6 8.
Nc3 a6 9. Bf4 d6 10. e5 Ne7 11. O-O-O O-O 12. exd6 Ng6 13. Bg3 cxd6 14. Qe4 Ne5
15. Bd5 Qc7 16. f4 Ng4 17. h3 Nf6 18. Qe2 Re8 19. Qf1 Bf5 20. Bf2 Rac8 21. g4
Bd7 22. Bb3 b5 23. g5 Ne4 24. Nxe4 Rxe4 25. Bxc5 Qxc5 26. Qd3 Bf5 27. Qxd6 Qe3+
28. Qd2 hxg5 29. fxg5 Qxd2+ 30. Rxd2 Rh4 31. Rd6 a5 32. g6 Kf8 33. gxf7 a4 34.
Be6 Bxe6 35. Rxe6 Kxf7 36. Rb6 Rc5 37. Rf1+ Kg8 38. Rf3 Rhc4 39. Rf2 Rg5 40.
Rd6 Rh4 41. Rd3 Re4 42. c3 Kh7 43. Kd2 Rc4 44. b3 Rc7 45. Rd4 Rg3 46. Rd3 Rg5
47. h4 Rg4 48. Rd4 Rg3 49. Rd3 Rg4 1/2-1/2

[Event "SR 4. liga A21 2017/2018"]
[Site "?"]
[Date "2018.03.18"]
[Round "11.6"]
[White "Oravec, Pavol"]
[Black "Valach, Peter"]
[Result "0-1"]
[WhiteElo "1766"]
[BlackElo "1761"]
[PlyCount "128"]
[EventDate "2017.??.??"]
[WhiteTeam "Å K KÃºpele PieÅ¡Å¥any B"]
[BlackTeam "Å K OÃš Å paÄ�ince"]

1. d4 Nf6 2. Nf3 e6 3. Bf4 c5 4. c3 d5 5. e3 Nc6 6. Nbd2 Be7 7. Bd3 O-O 8. Ne5
Bd7 9. Ndf3 cxd4 10. exd4 h6 11. Nxc6 bxc6 12. Ne5 c5 13. O-O cxd4 14. cxd4 Qb6
15. Qd2 Bb5 16. Bxb5 Qxb5 17. Nf3 Ne4 18. Qc2 Rfc8 19. Qb3 Qxb3 20. axb3 Rc2
21. Rfb1 a5 22. Ne1 Rxf2 23. Nd3 Rc2 24. Rc1 Rxc1+ 25. Rxc1 Bg5 26. Bxg5 hxg5
27. Rc6 Rb8 28. Ne5 Rxb3 29. Rc8+ Kh7 30. Nxf7 Rxb2 31. Rh8+ Kg6 32. Ne5+ Kf6
33. Rf8+ Ke7 34. Rf7+ Kd8 35. g4 a4 36. Ra7 Nc3 37. Nf7+ Kc8 38. Nxg5 Kb8 39.
Ra5 Rb5 40. Rxb5+ Nxb5 41. Nxe6 a3 42. Nc5 Nxd4 43. Na6+ Kc8 44. Nb4 Kd7 45.
Kf2 Kd6 46. Ke3 Kc5 47. Nd3+ Kc4 48. Nc1 Nb5 49. h4 Kc3 50. h5 d4+ 51. Ke2 Kc2
52. Na2 Nc3+ 53. Nxc3 dxc3 54. g5 a2 55. h6 gxh6 56. gxh6 a1=Q 57. h7 Qh1 58.
h8=Q Qxh8 59. Ke3 Qe5+ 60. Kf3 Kd3 61. Kg4 Ke3 62. Kh3 Qg5 63. Kh2 Kf2 64. Kh3
Qg3# 0-1

[Event "SR 4. liga A21 2017/2018"]
[Site "?"]
[Date "2018.03.18"]
[Round "11.6"]
[White "Karel, Jozef"]
[Black "Sedlak, Rastislav"]
[Result "1-0"]
[WhiteElo "1746"]
[BlackElo "1678"]
[PlyCount "91"]
[EventDate "2017.??.??"]
[WhiteTeam "Å K OÃš Å paÄ�ince"]
[BlackTeam "Å K KÃºpele PieÅ¡Å¥any B"]

1. e4 e5 2. Nf3 Nc6 3. Bc4 Nf6 4. Ng5 d5 5. exd5 Na5 6. Bb5+ c6 7. dxc6 bxc6 8.
Bd3 h6 9. Ne4 Nd5 10. Qh5 Qc7 11. b3 Nf4 12. Qf3 Be7 13. Ng3 O-O 14. Bb2 f5 15.
Bf1 e4 16. Qd1 Be6 17. Nh5 Nxh5 18. Qxh5 Rad8 19. Qg6 Bf6 20. Bxf6 Rxf6 21. Qg3
Qxg3 22. hxg3 Nb7 23. Nc3 g5 24. O-O-O Nc5 25. f4 g4 26. Be2 Kg7 27. Rh4 a5 28.
Rdh1 Bf7 29. Nd1 Rfd6 30. Ne3 Rf6 31. Bc4 Bxc4 32. Nxc4 a4 33. b4 Ne6 34. c3
Rd3 35. Ne3 Nc7 36. Rh5 Nd5 37. Nxf5+ Kf8 38. Kc2 Ne7 39. Ne3 Rfd6 40. Rd1 Kg7
41. Re5 Kf7 42. Rxe4 h5 43. Nc4 Rxg3 44. Nxd6+ Kf6 45. Rxe7 Rxg2 46. Rde1 1-0

[Event "SR 4. liga A21 2017/2018"]
[Site "?"]
[Date "2018.03.18"]
[Round "11.6"]
[White "Divinec, Peter"]
[Black "Sulko, Vit"]
[Result "0-1"]
[WhiteElo "1547"]
[BlackElo "1648"]
[PlyCount "46"]
[EventDate "2017.??.??"]
[WhiteTeam "Å K KÃºpele PieÅ¡Å¥any B"]
[BlackTeam "Å K OÃš Å paÄ�ince"]

1. e4 c5 2. f4 d6 3. Nf3 Nc6 4. Bb5 Bd7 5. Bxc6 Bxc6 6. d3 g6 7. O-O Bg7 8. Nc3
Nf6 9. Qe1 O-O 10. Qh4 h5 11. f5 Nh7 12. fxg6 fxg6 13. Bd2 Qd7 14. Qg3 Qe6 15.
Nh4 Bd4+ 16. Kh1 Rxf1+ 17. Rxf1 Rf8 18. Rxf8+ Nxf8 19. b3 Qf6 20. Qe1 Bf2 21.
Bg5 Bxe1 22. Bxf6 exf6 23. Ne2 Bxh4 0-1

[Event "SR 4. liga A21 2017/2018"]
[Site "?"]
[Date "2018.03.18"]
[Round "11.6"]
[White "Slezak, Rudolf"]
[Black "Siska, Kristof"]
[Result "1-0"]
[WhiteElo "1672"]
[BlackElo "1728"]
[PlyCount "107"]
[EventDate "2017.??.??"]
[WhiteTeam "Å K OÃš Å paÄ�ince"]
[BlackTeam "Å K KÃºpele PieÅ¡Å¥any B"]

1. Nf3 Nf6 2. c4 c5 3. Nc3 Nc6 4. g3 d5 5. cxd5 Nxd5 6. Bg2 Nb6 7. O-O g6 8. d3
Bg7 9. Be3 Nd4 10. Rb1 O-O 11. Ne4 c4 12. Nxd4 Bxd4 13. Bxd4 Qxd4 14. dxc4 Qxc4
15. b3 Qb4 16. Qd2 Qxd2 17. Nxd2 Rb8 18. Rbc1 Be6 19. Rc7 Bd5 20. Rxe7 Bxg2 21.
Kxg2 Rbc8 22. Nf3 Nd5 23. Re5 Rcd8 24. Rc1 Rd7 25. e3 Rdd8 26. Nd4 Nb4 27. Rb5
Nd5 28. Rbc5 Nb4 29. Rc8 Nxa2 30. Rxd8 Rxd8 31. Ra1 Nb4 32. Rxa7 Nc6 33. Ra4
Kg7 34. Rc4 Nxd4 35. Rxd4 Rxd4 36. exd4 Kf6 37. Kf3 Ke6 38. Ke4 f5+ 39. Ke3 Kd5
40. h4 h6 41. h5 b5 42. f3 b4 43. g4 Ke6 44. Kd3 fxg4 45. fxg4 Kd5 46. Ke3 Kd6
47. Ke4 Ke6 48. d5+ Kd6 49. Kd4 Ke7 50. Ke5 Kd7 51. d6 Kd8 52. Kf6 Kd7 53. Kxg6
Kxd6 54. Kxh6 1-0

[Event "SR 5. liga SE-SI 2017/2018"]
[Site "?"]
[Date "2017.10.21"]
[Round "1.1"]
[White "Romanova, Ema"]
[Black "Hyza, Richard"]
[Result "1/2-1/2"]
[WhiteElo "1000"]
[BlackElo "1367"]
[PlyCount "49"]
[EventDate "2017.??.??"]

1. e4 e5 2. Nf3 Nc6 3. Bb5 Nf6 4. Nc3 Bc5 5. d3 d6 6. Bg5 Bg4 7. Bxc6+ bxc6 8.
O-O O-O 9. a4 a6 10. Bh4 Rb8 11. b3 Bd4 12. Qe1 Qd7 13. Nxd4 exd4 14. Bxf6 gxf6
15. Na2 f5 16. Qc1 Qe6 17. f3 Bh5 18. Qg5+ Qg6 19. Qxf5 Qxf5 20. exf5 f6 21.
Rae1 Rbe8 22. Nb4 Rxe1 23. Rxe1 Re8 24. Rxe8+ Bxe8 25. Nxa6 1/2-1/2

[Event "SR 5. liga SE-SI 2017/2018"]
[Site "?"]
[Date "2017.10.21"]
[Round "1.1"]
[White "Ralbovsky, Dominik"]
[Black "Dujsik, Radko"]
[Result "0-1"]
[WhiteElo "1042"]
[BlackElo "1039"]
[PlyCount "120"]
[EventDate "2017.??.??"]

1. e4 e5 2. Nf3 Nc6 3. Bc4 Bc5 4. d3 d6 5. Ng5 Nh6 6. Bxf7+ Nxf7 7. Nxf7 Kxf7
8. Qf3+ Qf6 9. Qxf6+ gxf6 10. O-O Nd4 11. a3 Rg8 12. Rd1 Nxc2 13. Ra2 Be6 14.
b3 Bxb3 15. Rb2 Nd4 16. Rf1 b6 17. Nc3 Bxa3 18. Rxb3 Bxc1 19. Rb1 Bd2 20. Nd5
Rac8 21. Ne3 Rg5 22. h3 Bxe3 23. fxe3 Ne2+ 24. Kh2 Rcg8 25. Rf2 Nc3 26. Rc1 Na2
27. Rxa2 c5 28. Rcc2 Ra8 29. Rd2 f5 30. exf5 Rxf5 31. e4 Rf1 32. Rf2+ Rxf2 33.
Rxf2+ Ke6 34. g4 a5 35. g5 Ke7 36. Rf6 Rg8 37. h4 a4 38. Rh6 Rg7 39. Rf6 a3 40.
Kg3 h6 41. Kg4 hxg5 42. hxg5 a2 43. Rf1 Rg8 44. Ra1 Ra8 45. Kf5 Kf7 46. g6+ Kg7
47. Ke6 b5 48. Kd5 b4 49. Kc4 Kxg6 50. Kb3 Kg5 51. Rxa2 Rxa2 52. Kxa2 Kf4 53.
Kb3 Ke3 54. Kc4 b3 55. Kd5 b2 56. Kxd6 b1=Q 57. Kxe5 Qxd3 58. Ke6 Qxe4+ 59. Kd6
c4 60. Kc5 c3 0-1

[Event "SR 5. liga SE-SI 2017/2018"]
[Site "?"]
[Date "2017.10.21"]
[Round "1.1"]
[White "Budinsky, Juraj"]
[Black "Lanza, Matej"]
[Result "0-1"]
[WhiteElo "1000"]
[BlackElo "1228"]
[PlyCount "68"]
[EventDate "2017.??.??"]

1. e4 e5 2. Nf3 Nc6 3. Nc3 Nf6 4. Bb5 d6 5. d3 Be6 6. Bg5 Be7 7. h3 Qd7 8. O-O
O-O 9. Qd2 h6 10. Bh4 a6 11. Ba4 Rab8 12. b4 Nh5 13. Bxe7 Qxe7 14. Nd5 Qe8 15.
Nxc7 Qd7 16. Nxe6 Qxe6 17. Qc3 Nf4 18. g3 Qxh3 19. gxf4 Qxf3 20. fxe5 dxe5 21.
Bxc6 bxc6 22. Qxc6 Rbc8 23. Qxa6 Rxc2 24. Qb5 Re2 25. d4 Rxe4 26. Qxe5 Rg4+ 27.
Qg3 Rxg3+ 28. fxg3 Qxg3+ 29. Kh1 Rd8 30. Rab1 Rd5 31. Rb3 Qh4+ 32. Kg2 Qe4+ 33.
Kg3 Rg5+ 34. Kf2 Rg2# 0-1

[Event "SR 5. liga SE-SI 2017/2018"]
[Site "?"]
[Date "2017.10.21"]
[Round "1.1"]
[White "Vyrubal, Ondrej"]
[Black "Paksi, Alexander"]
[Result "0-1"]
[WhiteElo "1000"]
[BlackElo "1000"]
[PlyCount "44"]
[EventDate "2017.??.??"]

1. Nf3 Nc6 2. Nc3 Nf6 3. e3 e5 4. d4 Bd6 5. Bb5 a6 6. Bc4 O-O 7. O-O b5 8. Nxb5
axb5 9. Bxb5 Ba6 10. Ng5 h6 11. Nf3 Bxb5 12. Re1 Qc8 13. dxe5 Nxe5 14. Nxe5
Bxe5 15. Bd2 c6 16. Bb4 Re8 17. b3 Bb8 18. a4 Ba6 19. Rc1 Qc7 20. c4 Qxh2+ 21.
Kf1 d5 22. Re2 Qh1# 0-1

[Event "SR 5. liga SE-SI 2017/2018"]
[Site "?"]
[Date "2017.10.21"]
[Round "1.2"]
[White "Cambal, Peter"]
[Black "Fajtakova, Silvia"]
[Result "0-1"]
[WhiteElo "1465"]
[BlackElo "1229"]
[PlyCount "24"]
[EventDate "2017.??.??"]

1. e4 e5 2. f4 d6 3. Nf3 Bg4 4. Bc4 Nd7 5. O-O Ngf6 6. Nc3 Be7 7. d4 exd4 8.
Qxd4 d5 9. Bxd5 Bc5 10. Bxf7+ Kxf7 11. Ne5+ Ke8 12. Rd1 Bxd1 0-1

[Event "SR 5. liga SE-SI 2017/2018"]
[Site "?"]
[Date "2017.10.21"]
[Round "1.2"]
[White "Tomasovic, Pavol"]
[Black "Svrcek, Daniel"]
[Result "1/2-1/2"]
[WhiteElo "1293"]
[BlackElo "1291"]
[PlyCount "43"]
[EventDate "2017.??.??"]

1. e4 e6 2. d4 d5 3. e5 c5 4. Nf3 Nc6 5. c3 Bd7 6. Bb5 Qb6 7. Be2 cxd4 8. cxd4
Bb4+ 9. Nc3 Qc7 10. O-O Nge7 11. a3 Bxc3 12. bxc3 O-O 13. Qc2 Ng6 14. Bd3 Nce7
15. Bg5 Bc6 16. Nh4 Rfe8 17. f4 h6 18. Bxe7 Nxe7 19. Rf3 Qd8 20. g3 Qd7 21. f5
exf5 22. Nxf5 1/2-1/2

[Event "SR 5. liga SE-SI 2017/2018"]
[Site "?"]
[Date "2017.10.21"]
[Round "1.2"]
[White "Horak, Viliam"]
[Black "Novomeska, Karin"]
[Result "1/2-1/2"]
[WhiteElo "1217"]
[BlackElo "1090"]
[PlyCount "64"]
[EventDate "2017.??.??"]

1. d4 d5 2. c4 e6 3. Nc3 Nf6 4. Bg5 Be7 5. Nf3 O-O 6. e3 Nc6 7. Bd3 dxc4 8.
Bxc4 Qd6 9. O-O Rd8 10. a3 b6 11. Bd3 e5 12. dxe5 Nxe5 13. Nxe5 Qxe5 14. Bf4
Qc5 15. Qc2 Bb7 16. Rfd1 Bd6 17. b4 Qc6 18. f3 Bxf4 19. exf4 h6 20. Rd2 Rd4 21.
f5 Re8 22. Bb5 Qd6 23. Rad1 Rxd2 24. Rxd2 Re1+ 25. Kf2 Qe5 26. Re2 Rxe2+ 27.
Bxe2 Qxh2 28. Nb5 Qh4+ 29. Kf1 Qh1+ 30. Kf2 Qh4+ 31. Kf1 Qh1+ 32. Kf2 Qh4+
1/2-1/2

[Event "SR 5. liga SE-SI 2017/2018"]
[Site "?"]
[Date "2017.10.21"]
[Round "1.2"]
[White "Novomesky, Roman"]
[Black "Datko, Jan"]
[Result "0-1"]
[WhiteElo "1021"]
[BlackElo "1177"]
[PlyCount "164"]
[EventDate "2017.??.??"]

1. d4 e6 2. c4 Nf6 3. Nc3 d5 4. Bg5 Be7 5. Nf3 Nc6 6. e3 O-O 7. Bd3 Nb4 8. Bb1
dxc4 9. Ne5 Nbd5 10. Nxc4 Nxc3 11. bxc3 Qd5 12. Bxf6 Bxf6 13. Qd3 g6 14. e4 Qg5
15. O-O e5 16. Qg3 exd4 17. Qxg5 Bxg5 18. cxd4 b6 19. d5 Ba6 20. Bd3 Rad8 21.
Rad1 f5 22. f3 Kh8 23. Ne5 Be3+ 24. Kh1 Bb7 25. Nc4 Bd4 26. Bc2 c5 27. d6 Ba6
28. Bd3 b5 29. Na3 Rxd6 30. Bxb5 fxe4 31. fxe4 Rxf1+ 32. Bxf1 Bxf1 33. Rxf1 Ra6
34. Nb5 Rxa2 35. Nxd4 cxd4 36. e5 Re2 37. Kg1 Rxe5 38. Rd1 Rd5 39. Rd3 a5 40.
Kf2 a4 41. Ke2 Kg7 42. Kd2 Kf6 43. Ra3 Ra5 44. Kd3 Ke5 45. Kc4 Ke4 46. Kb4 Ra8
47. Kc4 d3 48. Ra1 a3 49. Re1+ Kf4 50. Kxd3 a2 51. Rf1+ Kg4 52. Ra1 Kf4 53.
Rf1+ Kg4 54. Ra1 h5 55. Ke3 Ra3+ 56. Kf2 Kf4 57. h3 Ke4 58. Ke2 Kd4 59. Kd2 Kc4
60. Kc2 Kb4 61. Kb2 Kc4 62. Kc2 Ra8 63. Kb2 Kd3 64. Rxa2 Rxa2+ 65. Kxa2 Ke3 66.
g4 h4 67. Kb2 Kf3 68. g5 Kg3 69. Kc2 Kxh3 70. Kd2 Kg3 71. Ke2 Kg2 72. Ke3 h3
73. Ke4 h2 74. Ke5 h1=Q 75. Kf6 Qh5 76. Kg7 Qxg5 77. Kf7 Kf3 78. Kg7 Qe5+ 79.
Kxg6 Kg4 80. Kf7 Kg5 81. Kf8 Kg6 82. Kg8 Qg7# 0-1

[Event "SR 5. liga SE-SI 2017/2018"]
[Site "?"]
[Date "2017.10.21"]
[Round "1.2"]
[White "Sefcik, Oliver"]
[Black "Vozar, Adam"]
[Result "1-0"]
[WhiteElo "1079"]
[BlackElo "1058"]
[PlyCount "79"]
[EventDate "2017.??.??"]

1. e4 e5 2. Nf3 Nc6 3. Bc4 Nf6 4. d3 Bc5 5. Bg5 d6 6. h3 O-O 7. O-O Be6 8. Bb3
b5 9. Nbd2 a5 10. a3 a4 11. Bxe6 fxe6 12. Qc1 d5 13. b3 b4 14. axb4 Bxb4 15.
bxa4 h6 16. Bxf6 Rxf6 17. Qb2 dxe4 18. Nxe4 Rf4 19. Nxe5 Nxe5 20. Qxe5 Bd6 21.
Nxd6 cxd6 22. Qxf4 Qc7 23. c4 e5 24. Qe4 Qa5 25. Qd5+ Kh7 26. Qxa5 Rxa5 27. f4
g6 28. fxe5 dxe5 29. Rfc1 h5 30. c5 Kh6 31. c6 Ra7 32. c7 Rb7 33. c8=Q Rh7 34.
Rc7 e4 35. Rxh7+ Kxh7 36. Rb1 Kh6 37. h4 Kg7 38. Qe6 exd3 39. Rb7+ Kf8 40. Qc8#
1-0

[Event "SR 5. liga SE-SI 2017/2018"]
[Site "?"]
[Date "2017.10.21"]
[Round "1.3"]
[White "Harasta, Marian"]
[Black "Visvader, Kristof"]
[Result "1-0"]
[WhiteElo "1583"]
[BlackElo "1265"]
[PlyCount "147"]
[EventDate "2017.??.??"]

1. d4 d5 2. c4 c6 3. Nf3 e6 4. a3 Nf6 5. e3 Nbd7 6. Bd3 Be7 7. c5 b6 8. b4 Bb7
9. Qc2 Qc7 10. Bb2 h6 11. Nbd2 O-O 12. O-O Rac8 13. g3 b5 14. a4 a6 15. a5 Rfe8
16. Ne5 Rcd8 17. Ndf3 Nxe5 18. Nxe5 Nd7 19. Bh7+ Kf8 20. Nxf7 Kxf7 21. Bg6+ Kf8
22. Bxe8 Rxe8 23. f4 Nf6 24. Qg6 Bd8 25. Rf3 Qf7 26. Qd3 Ne4 27. Raf1 Qf5 28.
Qe2 Kg8 29. Qg2 Nf6 30. h3 h5 31. Kh2 Qh7 32. Rg1 Re7 33. Qe2 Rf7 34. Kg2 Qg6
35. Kf2 Ne4+ 36. Kf1 Nf6 37. Bc1 Qb1 38. Qb2 Qd3+ 39. Qe2 Qb1 40. Qe1 Qd3+ 41.
Kg2 Qc2+ 42. Rf2 Qe4+ 43. Kh2 Qh7 44. Bd2 Be7 45. Qe2 Ne4 46. Rfg2 Nf6 47. Be1
Bd8 48. Kh1 Rf8 49. Rh2 Qe4+ 50. Rgg2 Qg6 51. Kg1 Kf7 52. Kf1 Rh8 53. Rg1 Rh6
54. Qf3 Qd3+ 55. Re2 Bc8 56. g4 hxg4 57. hxg4 Ne4 58. g5 Rh8 59. Rh1 Rxh1+ 60.
Qxh1 Kg8 61. g6 Nf6 62. Qg2 Ne4 63. Qh3 Nf6 64. Qg3 Ne4 65. Qg4 Nf6 66. Qg5 Bc7
67. Bh4 Qd1+ 68. Re1 Qd3+ 69. Kg2 Qd2+ 70. Kf3 Qxb4 71. Rh1 Qd2 72. Qxf6 gxf6
73. Bxf6 Qd1+ 74. Rxd1 1-0

[Event "SR 5. liga SE-SI 2017/2018"]
[Site "?"]
[Date "2017.10.21"]
[Round "1.3"]
[White "Nemeckay, Dominik"]
[Black "Londin, Lukas Vojtech"]
[Result "1-0"]
[WhiteElo "1461"]
[BlackElo "1323"]
[PlyCount "83"]
[EventDate "2017.??.??"]

1. e4 b6 2. d4 Bb7 3. Nc3 e6 4. a3 Nf6 5. Bg5 Be7 6. f3 d5 7. e5 Nfd7 8. Be3 c5
9. Nce2 Qc7 10. c3 Nc6 11. Rc1 c4 12. Ng3 O-O-O 13. Be2 f6 14. f4 h6 15. Nf3 g5
16. Nh5 Rdg8 17. g3 Rg6 18. Kd2 Na5 19. Kc2 Nb3 20. Rb1 Rhg8 21. Nd2 Nxd2 22.
Qxd2 gxf4 23. gxf4 fxe5 24. fxe5 Bg5 25. Rbf1 Nxe5 26. Bxg5 Rxg5 27. dxe5 d4
28. cxd4 Bxh1 29. Rxh1 Qc6 30. Rf1 Qe4+ 31. Kc1 Rg2 32. Nf6 Qh4 33. Nxg8 Rxg8
34. Bxc4 Re8 35. Ba6+ Kd8 36. Qc3 Kd7 37. Bb5+ Kd8 38. Bxe8 Kxe8 39. Qc8+ Ke7
40. Qc7+ Ke8 41. Qf7+ Kd8 42. Qf6+ 1-0

[Event "SR 5. liga SE-SI 2017/2018"]
[Site "?"]
[Date "2017.10.21"]
[Round "1.3"]
[White "Krakovsky, Jakub"]
[Black "Visvader, Rudolf"]
[Result "1/2-1/2"]
[WhiteElo "1239"]
[BlackElo "1259"]
[PlyCount "153"]
[EventDate "2017.??.??"]

1. e4 e5 2. Nf3 Nc6 3. Bc4 h6 4. d3 Bc5 5. Be3 Bxe3 6. fxe3 d6 7. h3 Nf6 8. Nc3
Qe7 9. Nd5 Nxd5 10. exd5 Nd8 11. e4 c6 12. Qd2 b5 13. Bb3 a5 14. dxc6 Nxc6 15.
Bd5 Ra6 16. c4 b4 17. b3 Qa7 18. a3 Nd4 19. Nxd4 Qxd4 20. Ra2 O-O 21. a4 Be6
22. Rc2 Qa7 23. Qf2 Bxd5 24. cxd5 Qxf2+ 25. Kxf2 f5 26. exf5 Rxf5+ 27. Kg3 Ra7
28. Rf2 Rxf2 29. Kxf2 Rc7 30. Rb1 Rc3 31. Ke3 g5 32. g4 Kf7 33. Ke4 Rc2 34.
Rf1+ Kg6 35. d4 exd4 36. Kxd4 Rh2 37. Rf3 h5 38. gxh5+ Kxh5 39. Rg3 Kh4 40.
Rg4+ Kh5 41. Rg3 Kg6 42. Rf3 Rd2+ 43. Ke4 Re2+ 44. Re3 Rf2 45. Rf3 Rxf3 46.
Kxf3 Kf5 47. Kg3 Kf6 48. Kg4 Kg6 49. Kf3 Kh6 50. Ke4 Kh5 51. Kf5 Kh4 52. Kf6
Kh5 53. Ke6 Kh4 54. Kxd6 Kxh3 55. Ke7 g4 56. d6 g3 57. d7 g2 58. d8=Q g1=Q 59.
Qh8+ Kg2 60. Qg7+ Kf1 61. Qxg1+ Kxg1 62. Kd6 Kf2 63. Kc5 Ke3 64. Kb5 Kd4 65.
Kxa5 Kc3 66. Kb5 Kxb3 67. a5 Kc3 68. a6 b3 69. a7 b2 70. a8=Q b1=Q+ 71. Kc5
Qb4+ 72. Kd5 Qd4+ 73. Ke6 Qg4+ 74. Kd6 Qf4+ 75. Kd7 Qf5+ 76. Kc7 Qf7+ 77. Kb8
1/2-1/2

[Event "SR 5. liga SE-SI 2017/2018"]
[Site "?"]
[Date "2017.10.21"]
[Round "1.3"]
[White "Jankovic, Vit"]
[Black "Londinova, Jasmina Marie"]
[Result "0-1"]
[WhiteElo "1099"]
[BlackElo "1115"]
[PlyCount "80"]
[EventDate "2017.??.??"]

1. e4 e5 2. d4 exd4 3. c3 Nc6 4. cxd4 Bb4+ 5. Bd2 Bxd2+ 6. Nxd2 d6 7. d5 Ne5 8.
Ngf3 Nf6 9. Nxe5 dxe5 10. Bb5+ Bd7 11. Qa4 O-O 12. Nf3 Bxb5 13. Qxb5 Qd6 14.
Nd2 Qb6 15. Qxb6 axb6 16. O-O Rfd8 17. Rfc1 c6 18. Nc4 Nxe4 19. Nxb6 Ra6 20. f3
Rxb6 21. fxe4 f6 22. Rc5 Rxb2 23. dxc6 bxc6 24. Rxc6 Rb4 25. a4 Ra8 26. a5 Kf7
27. a6 Kg6 28. Ra3 h6 29. Rc7 Rb1+ 30. Kf2 Rb2+ 31. Ke3 Rb6 32. Rb7 Raxa6 33.
Rxb6 Rxa3+ 34. Kf2 Kg5 35. g3 Ra2+ 36. Kg1 Re2 37. Rb4 f5 38. h4+ Kg4 39. exf5+
Kxg3 40. Rb7 Re1# 0-1

[Event "SR 5. liga SE-SI 2017/2018"]
[Site "?"]
[Date "2017.10.21"]
[Round "1.3"]
[White "Londin, Michal Karol"]
[Black "Jankovic, Erik"]
[Result "1-0"]
[WhiteElo "1070"]
[BlackElo "1000"]
[PlyCount "53"]
[EventDate "2017.??.??"]

1. e4 e5 2. Nf3 Nc6 3. Bc4 Nf6 4. Ng5 Qe7 5. Nxf7 Rg8 6. Ng5 d5 7. exd5 Bg4 8.
f3 Bd7 9. dxc6 Bxc6 10. Bxg8 Nxg8 11. d3 Nf6 12. Nc3 Qd7 13. Nce4 Bxe4 14. Nxe4
Nxe4 15. fxe4 O-O-O 16. h3 Qe7 17. Qg4+ Qd7 18. Qxd7+ Rxd7 19. Rf1 Be7 20. Ke2
b6 21. Rf7 Kd8 22. Be3 c5 23. Raf1 Ke8 24. g3 a5 25. h4 h6 26. Rxg7 Bf8 27.
Rxd7 1-0